Reports on the progress of applied chemistry.

Gardado en:
Detalles Bibliográficos
Novo título:Critical reports on applied chemistry
Título anterior:Reports of the progress of applied chemistry
Autor Corporativo: Society of Chemical Industry (Great Britain)
Formato: Seriadas
Idioma:English
Publicado: London : Society of Chemical Industry, 1947-
Subjects:
LEADER 02025nas a2200457 a 4500
001 c000151986
003 CARM
005 20020205155222.0
008 850930d19471975enkarz 0 0a0eng d
010 |a po 17000078 //r862  |z sn 86012663 
019 1 |a 3388727  |5 LACONCORD2021 
022 |a 0370-6648 
035 |a (OCoLC)5777688  |5 LACONCORD2021 
042 |a nsdp  |a lc 
050 0 0 |a TP1  |b .S625 
210 0 |a Rep. prog. appl. chem. 
222 0 |a Reports on the progress of applied chemistry 
245 0 0 |a Reports on the progress of applied chemistry. 
246 0 4 |a Annual reports of the Society of Chemical Industry on the progress of applied chemistry 
260 |a London :  |b Society of Chemical Industry,  |c 1947- 
300 |a 28 v. ;  |c 22 cm. 
310 |a Annual 
362 1 |a Ceased publication with: v. 60 in 1975? 
362 0 |a Vol. 32 (1947)- 
510 2 |a Life sciences collection 
580 |a Continued in 1980 by: Critical reports on applied chemistry. 
650 0 |a Chemistry, Technical  |x Periodicals. 
650 2 |a Chemistry  |x Periodicals. 
710 2 |a Society of Chemical Industry (Great Britain) 
780 0 0 |t Reports of the progress of applied chemistry  |x 0370-6648  |w (DLC) 86655233  |w (OCoLC)1765911 
785 1 0 |t Critical reports on applied chemistry  |x 0263-5917  |w (OCoLC) 7267435 
852 8 |b CARM  |h A2:AI01C0  |i B02302  |p 0138302  |f SE 
852 8 |b CARM  |h A2:AI01C0  |i B02303  |p 0138303  |f SE 
852 8 |b CARM  |h A2:AI01C0  |i B02945  |p 0138304  |f SE 
866 0 |a 32(1947)-60(1975) 
866 0 |a 32(1947)-60(1975) 
082 0 4 |a 660.62 
999 f f |i 4414b08e-e834-5b77-89f2-c8d6cb66bb73  |s 8a3b3048-ccf3-594f-9fd1-6a15dba492a5 
952 f f |p Can circulate  |a CAVAL  |b CAVAL  |c CAVAL  |d CARM 1 Store  |e B02945  |f A2:AI01C0  |h Other scheme  |i book  |k 51(1966)-60(1975)  |m 0138304 
952 f f |p Can circulate  |a CAVAL  |b CAVAL  |c CAVAL  |d CARM 1 Store  |e B02302  |f A2:AI01C0  |h Other scheme  |i book  |k  32(1947)-40(1955)  |m 0138302 
952 f f |p Can circulate  |a CAVAL  |b CAVAL  |c CAVAL  |d CARM 1 Store  |e B02303  |f A2:AI01C0  |h Other scheme  |i book  |k 41(1956)-50(1965)  |m 0138303